Statistics for Longest Rivers in Nebraska

Click here to take the quiz!

General Stats

  • This quiz has been taken 95 times
  • The average score is 4 of 10

Answer Stats

RankLength (km)River% Correct
8498Platte River
94%
13,767Missouri River
92%
21,152North Platte River
57%
4914Niobrara River
53%
6707South Platte River
48%
9470Elkhorn River
44%
5729Republican River
32%
3933White River
16%
7578Big Blue River
3%
10447Lodgepole Creek
3%

Score Distribution

Percentile by Number Answered

Percent of People with Each Score

Your Score History

You have not taken this quiz